[Event "ICS rated standard match"]
[Site "204.178.125.65"]
[Date "2001.07.22"]
[Round "?"]
[White "Hossa"]
[Black "Hossa-Tester"]
[Result "0-1"]
[WhiteElo "2353"]
[BlackElo "2279"]
[PlyCount "143"]
[EventDate "2001.??.??"]

1. d4 b5 2. e4 Bb7 3. e5 e6 4. Nf3 a6 5. Bd3 c5 6. dxc5 Bxc5 7. O-O d5 8. exd6
Bxd6 9. Nbd2 Nf6 10. a4 b4 11. Nc4 Bc7 12. Qe2 O-O 13. Rd1 Qe7 14. Bg5 Nbd7 15.
Nfe5 Nxe5 16. Nxe5 h6 17. Bxf6 Qxf6 18. Nd7 Qg5 19. g3 Rfd8 20. Be4 Bxe4 21.
Qxe4 a5 22. Rd3 Rac8 23. Rad1 Qh5 24. R3d2 Qh3 25. Rd4 Re8 26. Qe2 Qf5 27. R1d3
Red8 28. f4 h5 29. Qg2 b3 30. c4 Rb8 31. Qc6 Bb6 32. c5 Rdc8 33. Qf3 Bxc5 34.
Nxc5 Qxc5 35. Qf2 Qb6 36. Kg2 Rc2 37. Rd2 Rbc8 38. Kh3 g5 39. Qf1 g4+ 40. Kh4
Qxd4 41. Rxd4 Rxh2+ 42. Kg5 Kg7 43. f5 Rc5 44. Rxg4 Rxf5+ 45. Qxf5 exf5 46. Rf4
f6+ 47. Kxf5 Rxb2 48. Rf1 Rg2 49. Rf3 b2 50. Rb3 Rf2+ 51. Ke4 Kg6 52. Ke3 Rg2
53. Kf3 Rc2 54. Rb8 Kg5 55. Rg8+ Kf5 56. Rb8 Ke5 57. Ke3 f5 58. Rb5+ Kf6 59.
Rb7 Rh2 60. Kf3 Ke5 61. Ke3 Rg2 62. Kf3 Rc2 63. Ke3 Kd5 64. Kd3 Rg2 65. Rb5+
Ke6 66. Kd4 Kf6 67. Kc5 f4 68. Kc4 fxg3 69. Kd3 h4 70. Ke3 h3 71. Kf3 Rd2 72.
Kxg3 {Hossa resigns} 0-1

[Event "ICS rated standard match"]
[Site "204.178.125.65"]
[Date "2001.07.22"]
[Round "?"]
[White "Hossa-Tester"]
[Black "Hossa"]
[Result "1-0"]
[WhiteElo "2439"]
[BlackElo "2351"]
[PlyCount "96"]
[EventDate "2001.??.??"]

1. b4 e5 2. Bb2 Nf6 3. a3 d6 4. e3 Be7 5. Bc4 O-O 6. Ne2 e4 7. O-O Bg4 8. h3
Bh5 9. g4 Bg6 10. Nbc3 d5 11. Bb3 c6 12. Nf4 Bd6 13. Nce2 Nfd7 14. f3 exf3 15.
Rxf3 Be4 16. Rf2 h6 17. Ng3 Bh7 18. Qf1 Qh4 19. Qg2 Ne5 20. Nf5 Bxf5 21. gxf5
Nbd7 22. e4 dxe4 23. Ng6 Nxg6 24. fxg6 Kh8 25. gxf7 Be5 26. c3 Bc7 27. Kh1 Nf6
28. c4 Nh5 29. c5 Ng3+ 30. Kg1 a5 31. Re1 axb4 32. axb4 Rad8 33. Re3 Rd7 34.
Be6 Re7 35. Bc4 h5 36. Bd4 Qg5 37. Ra3 Rd7 38. Be3 Qe7 39. Bf4 Bxf4 40. Rxf4 h4
41. Rxg3 hxg3 42. Qxg3 g5 43. Rf5 Qd8 44. Qe5+ Kh7 45. Rf6 Qxf6 46. Qxf6 Rxd2
47. Be6 Rd5 48. Bg4 Ra8 {Hossa resigns} 1-0

[Event "ICS rated standard match"]
[Site "204.178.125.65"]
[Date "2001.07.22"]
[Round "?"]
[White "Hossa"]
[Black "Hossa-Tester"]
[Result "1/2-1/2"]
[WhiteElo "2349"]
[BlackElo "2519"]
[PlyCount "91"]
[EventDate "2001.??.??"]

1. c4 g5 2. Nc3 Bg7 3. d4 h6 4. e4 d6 5. Be3 e5 6. dxe5 Bxe5 7. Nf3 Bg7 8. Bd3
Nc6 9. O-O g4 10. Nd2 h5 11. Qc2 h4 12. f4 Rh5 13. Rfe1 Bd7 14. Nd5 h3 15. g3
Nge7 16. Nb3 a5 17. Qf2 a4 18. Nd4 a3 19. b3 Kf8 20. Rad1 Nxd5 21. exd5 Nb4 22.
Be4 Kg8 23. Qd2 Na6 24. b4 Qf6 25. Qc3 Ba4 26. Rd3 c5 27. dxc6 Bxc6 28. Bxc6
bxc6 29. Qxa3 c5 30. Nb5 Nc7 31. Qb3 Nxb5 32. cxb5 cxb4 33. Qxb4 Qf5 34. Qxd6
Qxb5 35. Rb3 Qa5 36. Rb8+ Kh7 37. Qd3+ Rf5 38. Rbb1 Qd5 39. Qxd5 Rxd5 40. Re2
Rda5 41. Rb7 Rxa2 42. Rxa2 Rxa2 43. Rxf7 Ra1+ 44. Kf2 Ra2+ 45. Kg1 Ra1+ 46. Kf2
{Game drawn by mutual agreement} 1/2-1/2

[Event "ICS unrated blitz match"]
[Site "204.178.125.65"]
[Date "2001.07.22"]
[Round "?"]
[White "Panthee"]
[Black "Hossa"]
[Result "0-1"]
[WhiteElo "2200"]
[BlackElo "2633"]
[PlyCount "82"]
[EventDate "2001.??.??"]

1. e4 c6 2. d4 d5 3. e5 Bf5 4. Nc3 e6 5. g4 Bg6 6. h4 h5 7. Nge2 hxg4 8. Nf4
Bf5 9. Bd3 Bxd3 10. Qxd3 Rxh4 11. Rg1 Bb4 12. Bd2 Nd7 13. O-O-O Qe7 14. a3 Ba5
15. b4 Bb6 16. Na4 O-O-O 17. Nc5 g5 18. Ne2 Bxc5 19. bxc5 f6 20. exf6 Qxf6 21.
Be3 Nh6 22. Ng3 Nf5 23. Rde1 Nxe3 24. Qxe3 Rh2 25. Rgf1 Rf8 26. Re2 Qf4 27. Kd2
Qxe3+ 28. fxe3 Rxe2+ 29. Kxe2 Rxf1 30. Nxf1 Nf6 31. Nh2 g3 32. Nf3 Ne4 33. Ne5
g2 34. Nf3 g4 35. Ng1 Kd7 36. Ke1 Ke7 37. Ne2 Kf6 38. Ng1 Kf5 39. Ne2 g3 40.
Ng1 Kg4 41. Ke2 Ng5 {Panthee resigns} 0-1

[Event "ICS unrated blitz match"]
[Site "204.178.125.65"]
[Date "2001.07.22"]
[Round "?"]
[White "Hossa"]
[Black "Panthee"]
[Result "1-0"]
[WhiteElo "2633"]
[BlackElo "2200"]
[PlyCount "61"]
[EventDate "2001.??.??"]

1. e4 c5 2. Nc3 e6 3. g3 a6 4. Bg2 Nc6 5. Nf3 g6 6. d4 cxd4 7. Nxd4 Bg7 8. Be3
Nge7 9. Nxc6 Nxc6 10. O-O O-O 11. Bc5 Re8 12. Na4 b5 13. Nb6 Rb8 14. Nxc8 Rxc8
15. c3 Ne5 16. Bd4 Nc4 17. Bxg7 Kxg7 18. b3 Nb6 19. Qd4+ Kg8 20. e5 Qc7 21.
Rac1 Qc5 22. Qf4 Rc7 23. Rfd1 Rec8 24. Rd6 Rb8 25. Qf6 a5 26. Bf3 Qa3 27. Rc2
b4 28. Rxb6 Rxb6 29. Qd8+ Kg7 30. Qxc7 Ra6 31. Qb7 {Panthee resigns} 1-0

[Event "ICS unrated blitz match"]
[Site "204.178.125.65"]
[Date "2001.07.22"]
[Round "?"]
[White "Panthee"]
[Black "Hossa"]
[Result "0-1"]
[WhiteElo "2200"]
[BlackElo "2633"]
[PlyCount "56"]
[EventDate "2001.??.??"]

1. e4 c6 2. d4 d5 3. e5 Bf5 4. Nc3 e6 5. g4 Bg6 6. Nge2 c5 7. h4 h5 8. Nf4 Nc6
9. Nxg6 fxg6 10. Ne2 Qb6 11. c3 cxd4 12. cxd4 Bb4+ 13. Bd2 hxg4 14. Bxb4 Qxb4+
15. Qd2 g5 16. Qxb4 Nxb4 17. Kd2 gxh4 18. Nf4 Kf7 19. Rc1 Ne7 20. Be2 g5 21.
Nd3 Nbc6 22. Bxg4 Nxd4 23. Nc5 b6 24. Nb7 Nec6 25. Ke3 Nxe5 26. Kxd4 Nxg4 27.
Rc7+ Kf6 28. Nd6 Rhd8 {Panthee resigns} 0-1

[Event "ICS unrated blitz match"]
[Site "204.178.125.65"]
[Date "2001.07.22"]
[Round "?"]
[White "Hossa"]
[Black "Panthee"]
[Result "1-0"]
[WhiteElo "2633"]
[BlackElo "2200"]
[PlyCount "63"]
[EventDate "2001.??.??"]

1. e4 c5 2. Nc3 Nc6 3. Nf3 e6 4. d4 cxd4 5. Nxd4 Qc7 6. Be2 Nf6 7. Ndb5 Qb8 8.
f4 a6 9. e5 Ng8 10. Nd6+ Bxd6 11. exd6 Nf6 12. Be3 O-O 13. O-O b5 14. Qd2 Bb7
15. Bc5 b4 16. Na4 Ne4 17. Qe3 Nxc5 18. Nxc5 Bc8 19. Rad1 g6 20. Rf3 Nd8 21.
Rh3 f5 22. Bf3 Ra7 23. Qf2 Qb6 24. Qd4 Nc6 25. Bxc6 Qxc6 26. Nxe6 dxe6 27. Qxa7
Bb7 28. Rd2 Rd8 29. Qd4 Rd7 30. Qxb4 Qe4 31. Qxe4 Bxe4 32. Ra3 {Panthee resigns
} 1-0

[Event "ICS unrated blitz match"]
[Site "204.178.125.65"]
[Date "2001.07.22"]
[Round "?"]
[White "Panthee"]
[Black "Hossa"]
[Result "0-1"]
[WhiteElo "2200"]
[BlackElo "2633"]
[PlyCount "46"]
[EventDate "2001.??.??"]

1. e4 c6 2. d4 d5 3. e5 Bf5 4. Nc3 e6 5. g4 Bg6 6. Nge2 c5 7. h4 h5 8. Nf4 Nc6
9. Nxg6 fxg6 10. Ne2 Qb6 11. Nf4 cxd4 12. Nxg6 Bb4+ 13. Bd2 Bxd2+ 14. Qxd2 Qxb2
15. Rd1 Rh6 16. Bd3 hxg4 17. Qf4 O-O-O 18. Qf7 Nb4 19. Qxg7 Kb8 20. Kf1 Nxd3
21. cxd3 g3 22. fxg3 Qc2 23. Re1 Qxd3+ {Panthee resigns} 0-1

[Event "ICS unrated blitz match"]
[Site "204.178.125.65"]
[Date "2001.07.22"]
[Round "?"]
[White "Hossa"]
[Black "Panthee"]
[Result "1/2-1/2"]
[WhiteElo "2633"]
[BlackElo "2200"]
[PlyCount "91"]
[EventDate "2001.??.??"]

1. Nf3 g6 2. c4 b6 3. e4 Bb7 4. Nc3 Bg7 5. d4 d6 6. Bd3 e6 7. O-O Ne7 8. Bg5 h6
9. Be3 O-O 10. Qd2 Kh7 11. d5 e5 12. Qe2 Nd7 13. Nd2 g5 14. a4 a5 15. Nb5 Ng6
16. Nb3 Rg8 17. Bc2 Ndf8 18. Qh5 Qe7 19. Nd2 Nf4 20. Bxf4 gxf4 21. Nf3 Bc8 22.
Nh4 Bf6 23. Nf5 Bxf5 24. Qxf5+ Rg6 25. Bd1 Kg7 26. Qh3 Nh7 27. Re1 Ng5 28. Qh5
Rg8 29. Na7 Kh7 30. Nc6 Qf8 31. Bg4 f3 32. g3 Qg7 33. Bf5 Kh8 34. Kh1 Nh7 35.
Qxf3 Rg5 36. h4 Rxf5 37. Qxf5 Bxh4 38. Qd7 Bxg3 39. Rg1 Qf6 40. Rxg3 Rxg3 41.
fxg3 Qf3+ 42. Kh2 Qf2+ 43. Kh1 Qf3+ 44. Kh2 Qf2+ 45. Kh1 Qf3+ 46. Kh2 {
Game drawn by repetition} 1/2-1/2

[Event "ICS unrated blitz match"]
[Site "204.178.125.65"]
[Date "2001.07.22"]
[Round "?"]
[White "Panthee"]
[Black "Hossa"]
[Result "0-1"]
[WhiteElo "2200"]
[BlackElo "2633"]
[PlyCount "34"]
[EventDate "2001.??.??"]

1. e4 c6 2. d4 d5 3. e5 Bf5 4. Nc3 e6 5. g4 Bg6 6. Nge2 c5 7. Nf4 Nc6 8. h4
cxd4 9. Nxg6 hxg6 10. Ne2 Bb4+ 11. c3 dxc3 12. bxc3 Bc5 13. Bg5 Qc7 14. f4 f6
15. Qd3 fxg5 16. Qxg6+ Qf7 17. Qxg5 Be7 {Panthee resigns} 0-1

[Event "ICS unrated blitz match"]
[Site "204.178.125.65"]
[Date "2001.07.22"]
[Round "?"]
[White "Hossa"]
[Black "Panthee"]
[Result "1-0"]
[WhiteElo "2633"]
[BlackElo "2200"]
[PlyCount "93"]
[EventDate "2001.??.??"]

1. e4 e5 2. Nf3 Nc6 3. Bb5 a6 4. Ba4 Nf6 5. d4 Nxd4 6. Nxd4 exd4 7. Qxd4 b5 8.
Bb3 c5 9. Qe5+ Be7 10. c3 O-O 11. O-O Re8 12. f3 c4 13. Bc2 Qb6+ 14. Kh1 Bd6
15. Qd4 Bc5 16. Qd1 Bb7 17. Bg5 d5 18. Nd2 Rad8 19. Qe1 dxe4 20. Nxe4 Bxe4 21.
fxe4 h6 22. Bxf6 gxf6 23. Qh4 Kg7 24. Rf3 Re5 25. Raf1 Be7 26. Rh3 Rh8 27. Rf5
Rxf5 28. exf5 Bc5 29. Qg4+ Kf8 30. Qe2 Qd6 31. Rh4 Bb6 32. a3 Qc5 33. Rd4 Kg7
34. Qg4+ Kh7 35. Qh5 Kg7 36. Bb1 Qe5 37. Re4 Qc5 38. Rg4+ Kf8 39. Rd4 Qe5 40.
Re4 Qc5 41. Qd1 Kg7 42. Rd4 Re8 43. a4 Qe5 44. Rg4+ Kh7 45. Re4 Qb8 46. Qh5 Qf4
47. Qxf7+ {Panthee resigns} 1-0

[Event "ICS unrated blitz match"]
[Site "204.178.125.65"]
[Date "2001.07.22"]
[Round "?"]
[White "Panthee"]
[Black "Hossa"]
[Result "1/2-1/2"]
[WhiteElo "2200"]
[BlackElo "2633"]
[PlyCount "166"]
[EventDate "2001.??.??"]

1. e4 c6 2. d4 d5 3. e5 c5 4. dxc5 e6 5. Be3 Nd7 6. Bb5 Qa5+ 7. Nc3 a6 8. Bxd7+
Bxd7 9. Nf3 Bxc5 10. Bxc5 Qxc5 11. Qd4 Qxd4 12. Nxd4 Ne7 13. O-O-O Nc6 14. f4
Ke7 15. Nce2 Na5 16. b3 Nc6 17. Rhf1 Rac8 18. Kb2 Nxd4 19. Nxd4 Rc5 20. Rd2
Rhc8 21. Rf3 h5 22. h4 g6 23. Re3 a5 24. a3 b5 25. Nf3 b4 26. axb4 axb4 27. Ne1
Ra5 28. Rd4 Rb8 29. Nd3 Rab5 30. Re1 Kf8 31. Ra1 Ke7 32. Ra4 R5b6 33. Raxb4 Bb5
34. Ne1 R6b7 35. Nd3 Rb6 36. Nc5 Rc8 37. Na4 Rbb8 38. Nc3 Bf1 39. Rxb8 Rxb8 40.
g3 Rc8 41. Rb4 Rc7 42. Na4 f6 43. Rb6 Bg2 44. Nc3 Bf1 45. Nb5 Bxb5 46. Rxb5
fxe5 47. fxe5 d4 48. Rb4 Rd7 49. Rc4 d3 50. cxd3 Rxd3 51. b4 Rxg3 52. b5 Re3
53. b6 Rxe5 54. Rb4 Rf5 55. b7 Rf8 56. b8=Q Rxb8 57. Rxb8 Kf6 58. Rf8+ Kg7 59.
Rf2 g5 60. Kc3 gxh4 61. Kd4 Kg6 62. Ke5 h3 63. Rh2 Kg5 64. Rxh3 Kg4 65. Ra3 h4
66. Ke4 h3 67. Ra8 h2 68. Rh8 Kg3 69. Ke3 Kg2 70. Rg8+ Kf1 71. Rh8 Kg2 72. Rg8+
Kf1 73. Rh8 Kg2 74. Rg8+ Kf1 75. Rh8 Kg2 76. Rg8+ Kf1 77. Rh8 Kg2 78. Rg8+ Kf1
79. Rh8 Kg2 80. Rg8+ Kf1 81. Rh8 Kg2 82. Rg8+ Kf1 83. Rh8 Kg2 {
Game drawn by repetition} 1/2-1/2

[Event "ICS rated blitz match"]
[Site "204.178.125.65"]
[Date "2001.07.22"]
[Round "?"]
[White "Goteborg"]
[Black "Hossa"]
[Result "1-0"]
[WhiteElo "2655"]
[BlackElo "2633"]
[PlyCount "68"]
[EventDate "2001.??.??"]

1. d4 d5 2. c4 Bf5 3. Qb3 e5 4. Qxb7 Nd7 5. dxe5 d4 6. Nd2 Bc2 7. Qd5 Bc5 8. e6
fxe6 9. Qxe6+ Qe7 10. Qc6 Qd8 11. Nh3 Ne7 12. Qf3 Ne5 13. Qh5+ N7g6 14. g3 Qe7
15. Bg2 O-O-O 16. O-O Rdf8 17. Be4 Bxe4 18. Nxe4 Bb6 19. c5 Ba5 20. Rd1 Qd7 21.
Nf4 Rf5 22. Qh3 Rhf8 23. a3 Nxf4 24. gxf4 d3 25. exd3 Qa4 26. Be3 Nxd3 27. b4
Nb2 28. Rdb1 g5 29. fxg5 Nd3 30. Nf6 R8xf6 31. gxf6 Qd7 32. Qg2 c6 33. bxa5 Qe8
34. Qg7 Qg6+ {Hossa resigns} 1-0

[Event "ICS rated blitz match"]
[Site "204.178.125.65"]
[Date "2001.07.22"]
[Round "?"]
[White "Hossa"]
[Black "monsoon"]
[Result "1/2-1/2"]
[WhiteElo "2618"]
[BlackElo "2559"]
[PlyCount "125"]
[EventDate "2001.??.??"]

1. e4 e5 2. Nf3 Nc6 3. Bb5 a6 4. Ba4 Nf6 5. d4 exd4 6. O-O Be7 7. e5 Ne4 8.
Bxc6 dxc6 9. Re1 Ng5 10. Nxd4 c5 11. Nb3 Qxd1 12. Rxd1 Bf5 13. Na3 Ne6 14. c3
b5 15. Na5 f6 16. exf6 Bxf6 17. f3 O-O 18. Bd2 Rad8 19. Nb7 Rd3 20. Kf1 Rb8 21.
Na5 Rbd8 22. Ke2 R8d7 23. Rac1 R3d5 24. Be3 Bd3+ 25. Kf2 b4 26. Nb1 c4 27. Nc6
a5 28. Kg1 R7d6 29. Na7 Re5 30. Re1 Rxe3 31. Rxe3 Bg5 32. Ree1 Bxc1 33. Rxc1
Nf4 34. Re1 Bxb1 35. Rxb1 Rd2 36. g3 Ne2+ 37. Kh1 bxc3 38. bxc3 Nxc3 39. Rb8+
Kf7 40. Rb7 Nd5 41. Nb5 Ne3 42. Rxc7+ Kg6 43. Rc6+ Kh5 44. h4 Rxa2 45. Nd6 Ra3
46. Kh2 Nf1+ 47. Kg2 Nd2 48. Rc5+ Kg6 49. Rc6 Kh5 50. Rc5+ Kg6 51. Rc6 Rd3 52.
Nxc4+ Kf5 53. Rc5+ Ke6 54. Rc6+ Kd5 55. Nxa5 Ra3 56. Rc7 Ra2 57. Nb7 Ne4+ 58.
Kh3 Nf2+ 59. Kh2 Ne4+ 60. Kg1 Ra1+ 61. Kh2 Ra2+ 62. Kg1 Ra1+ 63. Kh2 {
Game drawn by mutual agreement} 1/2-1/2

[Event "ICS rated blitz match"]
[Site "204.178.125.65"]
[Date "2001.07.22"]
[Round "?"]
[White "Amateur"]
[Black "Hossa"]
[Result "1-0"]
[WhiteElo "2547"]
[BlackElo "2615"]
[PlyCount "137"]
[EventDate "2001.??.??"]

1. e4 c6 2. d4 d5 3. exd5 cxd5 4. c4 Nf6 5. Nc3 e6 6. Nf3 Be7 7. cxd5 Nxd5 8.
Bd3 Nc6 9. O-O O-O 10. Re1 Bf6 11. Be4 Nce7 12. Qd3 Kh8 13. Nxd5 exd5 14. Bxh7
g6 15. Ng5 Bf5 16. Qg3 Kg7 17. Qh4 Rh8 18. Bf4 Nc6 19. Rac1 Qb6 20. g4 Bd3 21.
Re3 Qxd4 22. Rh3 Kf8 23. Re1 Be4 24. b3 Qb2 25. f3 Bd4+ 26. Be3 Bxe3+ 27. Rxe3
Bb1 28. a4 Qd4 29. f4 Rc8 30. f5 Ne7 31. fxg6 Rc1+ 32. Kf2 Bxg6 33. Rhf3 Qb4
34. Qh6+ Ke8 35. Qg7 Rc2+ 36. Kg3 Rxh7 37. Nxh7 Qd6+ 38. Rf4 Kd7 39. Qf8 Be4
40. Nf6+ Ke6 41. Nxd5 Kxd5 42. Qxf7+ Kc6 43. Rexe4 Qd3+ 44. Kh4 Rxh2+ 45. Kg5
Qd5+ 46. Qxd5+ Nxd5 47. Rf7 b6 48. b4 Kd6 49. Rxa7 Rb2 50. a5 Nxb4 51. axb6 Nc6
52. Rb7 Rb5+ 53. Kg6 Na5 54. Rf7 Rb1 55. Rf6+ Kd5 56. Ree6 Nb7 57. g5 Rh1 58.
Kg7 Nc5 59. Re7 Rb1 60. g6 Rb2 61. Kf8 Rg2 62. g7 Rxg7 63. Kxg7 Kc4 64. Rc7 Kd3
65. Rxc5 Kd2 66. b7 Ke2 67. b8=Q Ke3 68. Qe5+ Kd3 69. Rd6# {Hossa checkmated}
1-0

[Event "ICS rated bullet match"]
[Site "204.178.125.65"]
[Date "2001.07.22"]
[Round "?"]
[White "fitter"]
[Black "Hossa"]
[Result "1-0"]
[WhiteElo "2462"]
[BlackElo "2621"]
[PlyCount "159"]
[EventDate "2001.??.??"]

1. e4 c6 2. d4 d5 3. Nc3 dxe4 4. Nxe4 Nd7 5. Bc4 Ngf6 6. Ng5 e6 7. Qe2 Nb6 8.
Bd3 h6 9. N5f3 c5 10. dxc5 Bxc5 11. Ne5 Nbd7 12. Ngf3 Qc7 13. O-O O-O 14. Bf4
Nd5 15. Bg3 Bd6 16. Rad1 Rd8 17. Rfe1 Nxe5 18. Nxe5 Nf6 19. Bc4 Nd5 20. Bxd5
exd5 21. Rxd5 Be6 22. Rxd6 Rxd6 23. Nf3 Rad8 24. a3 Bg4 25. h4 Bxf3 26. Qxf3
Qc6 27. Bxd6 Qxf3 28. gxf3 Rxd6 29. Re7 Rg6+ 30. Kh2 Rb6 31. b3 g6 32. Kg3 Kg7
33. b4 Kf6 34. Rc7 Ra6 35. Rxb7 Rxa3 36. b5 Ra1 37. c4 Rg1+ 38. Kh2 Rc1 39. Rc7
Ke5 40. c5 Kd5 41. c6 Kc5 42. Rb7 Rc2 43. Kg3 Rc3 44. Kf4 f6 45. Ke4 Rc1 46. f4
Rc4+ 47. Ke3 Rc3+ 48. Kd2 Rc4 49. f3 h5 50. Kd1 Rc3 51. Ke2 Rc1 52. Rb8 Kb4 53.
Rb7 Kc5 54. Ke3 Rc3+ 55. Ke4 Rc4+ 56. Kd3 Rd4+ 57. Ke3 Rc4 58. Kd3 Rd4+ 59. Ke2
Rc4 60. Kf1 Rc2 61. Ke1 Rc1+ 62. Ke2 Rc4 63. c7 Kd6 64. Rxa7 Rxc7 65. Rxc7 Kxc7
66. Ke3 f5 67. Kd4 Kb6 68. Kc4 Kb7 69. Kc5 Kc7 70. b6+ Kd7 71. Kd5 Kd8 72. Kd6
Kc8 73. Kc6 Kd8 74. b7 Ke7 75. b8=Q Kf7 76. Qh8 Ke7 77. Qg7+ Ke6 78. Qf8 g5 79.
hxg5 h4 80. Qf6# {Hossa checkmated} 1-0

[Event "ICS rated bullet match"]
[Site "204.178.125.65"]
[Date "2001.07.22"]
[Round "?"]
[White "Hossa"]
[Black "fitter"]
[Result "0-1"]
[WhiteElo "2609"]
[BlackElo "2508"]
[PlyCount "114"]
[EventDate "2001.??.??"]

1. e4 c5 2. Nc3 Nc6 3. Nf3 d6 4. Be2 Nf6 5. d3 g6 6. d4 cxd4 7. Nxd4 Bg7 8. Nb3
a5 9. a4 O-O 10. O-O Be6 11. Bg5 Nd7 12. Be3 Rc8 13. Nd4 Nxd4 14. Bxd4 Bxd4 15.
Qxd4 Qb6 16. Qxb6 Nxb6 17. f4 f5 18. e5 dxe5 19. fxe5 Rc5 20. Bb5 Rxe5 21. Rad1
Nc4 22. Bxc4 Bxc4 23. Rf4 Rc5 24. Rfd4 Rc7 25. Rd7 Rfc8 26. Kf2 e5 27. Ke3 Be6
28. R7d6 Kf7 29. Rb6 f4+ 30. Ke4 Re7 31. Kf3 g5 32. Rdd6 Bd7 33. Kf2 Bc6 34.
Rh6 Kg7 35. Rd6 e4 36. Ke2 e3 37. Kf1 g4 38. Rd4 Bxg2+ 39. Kxg2 f3+ 40. Kg3 e2
41. Rd1 exd1=Q 42. Nxd1 Rxc2 43. Nf2 h5 44. h4 Re1 45. Rxb7+ Kf6 46. Rb6+ Ke7
47. Nxg4 hxg4 48. Ra6 Rg2+ 49. Kf4 f2 50. Kg5 Re5+ 51. Kf4 f1=Q+ 52. Kxe5 Re2+
53. Kd4 Qd1+ 54. Kc5 Rc2+ 55. Kb6 Qd6+ 56. Kb7 Rc7+ 57. Kb8 Qd8# {
Hossa checkmated} 0-1

[Event "ICS rated bullet match"]
[Site "204.178.125.65"]
[Date "2001.07.22"]
[Round "?"]
[White "fitter"]
[Black "Hossa"]
[Result "1-0"]
[WhiteElo "2546"]
[BlackElo "2597"]
[PlyCount "203"]
[EventDate "2001.??.??"]

1. e4 e5 2. Nf3 Nc6 3. Bb5 a6 4. Ba4 Nf6 5. O-O Be7 6. Re1 b5 7. Bb3 d6 8. c3
O-O 9. h3 Na5 10. Bc2 c5 11. d4 Qc7 12. Nbd2 cxd4 13. cxd4 Bd7 14. Nf1 Rac8 15.
Ne3 Be6 16. Bd3 exd4 17. Nxd4 Nc6 18. Nxc6 Qxc6 19. Nf5 Bxf5 20. exf5 Qd7 21.
a4 Rfe8 22. axb5 axb5 23. Be3 Rc7 24. Ra5 Rb8 25. Qe2 Rcb7 26. Bd4 b4 27. b3
Qd8 28. Rb5 Rxb5 29. Bxb5 Bf8 30. Bc6 Qc7 31. Rc1 Be7 32. Qe1 Bd8 33. Qd2 Nd7
34. Bf3 Qa5 35. Qf4 Ne5 36. Be4 Bf6 37. Qd2 Qb5 38. Be3 Qa6 39. Qd1 Rd8 40. Rc7
Qa2 41. f4 Nd7 42. Bf2 Qb2 43. Bd5 h6 44. Be3 Qa1 45. Qxa1 Bxa1 46. h4 h5 47.
Bd2 Bd4+ 48. Kf1 Bc5 49. Rb7 Kf8 50. Ke2 Ke7 51. Bc6 f6 52. Kd3 Ke8 53. Kc4 Ke7
54. Bxb4 Bxb4 55. Kxb4 Rb8 56. Kc4 Rxb7 57. Bxb7 Kd8 58. Bf3 Nb6+ 59. Kd4 Kc7
60. Bxh5 Kc6 61. Be8+ Kb7 62. g4 Kc7 63. g5 Kd8 64. Bg6 Ke7 65. h5 Kf8 66. gxf6
gxf6 67. h6 Kg8 68. b4 Kf8 69. b5 Kg8 70. Kc3 Nd5+ 71. Kc4 Nb6+ 72. Kd3 Nd5 73.
Kc4 Nb6+ 74. Kd3 Nd5 75. h7+ Kg7 76. Kc4 Nb6+ 77. Kd4 Kh8 78. Kc3 Kg7 79. Kd4
Kh8 80. Kd3 Kg7 81. Kc3 Nd7 82. Kd3 Nb6 83. Kc3 Nd7 84. Kb4 Kh8 85. Ka5 d5 86.
Kb4 Kg7 87. Kc3 Nb6 88. Kd4 Kh8 89. Kc5 Nc8 90. Kxd5 Kg7 91. Kc5 Kh8 92. Bf7
Kxh7 93. Be6 Ne7 94. Kd6 Ng8 95. Bxg8+ Kh6 96. Bf7 Kg7 97. Ke7 Kh7 98. b6 Kh8
99. b7 Kg7 100. b8=Q Kh7 101. Qg8+ Kh6 102. Qh8# {Hossa checkmated} 1-0

[Event "ICS rated blitz match"]
[Site "204.178.125.65"]
[Date "2001.07.22"]
[Round "?"]
[White "Hossa"]
[Black "star2"]
[Result "1/2-1/2"]
[WhiteElo "2596"]
[BlackElo "2821"]
[PlyCount "67"]
[EventDate "2001.??.??"]

1. e4 d5 2. exd5 Qxd5 3. Nc3 Qa5 4. d4 Nf6 5. Nf3 Bg4 6. h3 Bh5 7. g4 Bg6 8.
Ne5 e6 9. Bd2 Nbd7 10. Nxg6 hxg6 11. Qf3 c6 12. O-O-O Bb4 13. Kb1 O-O-O 14. Bd3
g5 15. Qe3 Bxc3 16. Bxc3 Qd5 17. Qe2 Qg2 18. Bd2 Rxh3 19. Rxh3 Qxh3 20. Bxg5
Qg2 21. Bh4 Rh8 22. Bg3 Rh1 23. a3 g5 24. b3 Rxd1+ 25. Qxd1 a6 26. Qd2 Qd5 27.
Qb4 Qh1+ 28. Ka2 Ne4 29. Qe7 Nc3+ 30. Kb2 Nd1+ 31. Ka2 Nc3+ 32. Kb2 Nd1+ 33.
Ka2 Nc3+ 34. Kb2 {Game drawn by repetition} 1/2-1/2

[Event "ICS rated blitz match"]
[Site "204.178.125.65"]
[Date "2001.07.22"]
[Round "?"]
[White "BitsAndPieces"]
[Black "Hossa"]
[Result "1-0"]
[WhiteElo "2593"]
[BlackElo "2605"]
[PlyCount "112"]
[EventDate "2001.??.??"]

1. e4 e5 2. Nf3 Nc6 3. Bb5 a6 4. Ba4 Nf6 5. O-O Be7 6. Re1 b5 7. Bb3 d6 8. c3
O-O 9. h3 Na5 10. Bc2 c5 11. d4 Qc7 12. Nbd2 cxd4 13. cxd4 Bd7 14. Nf1 Nc6 15.
Ne3 Rac8 16. d5 Nb4 17. Bb1 a5 18. a3 Na6 19. b4 a4 20. Bb2 Qb8 21. Bd3 Rfe8
22. Nh4 g6 23. Nf3 Nh5 24. Rc1 Nf4 25. Bc2 Bf6 26. Kh2 Rc7 27. Rh1 Bg7 28. Rg1
Qd8 29. Rf1 Qe7 30. Rh1 Rec8 31. Re1 f6 32. Ba1 f5 33. exf5 gxf5 34. Qd2 e4 35.
Nxf5 Bxf5 36. Qxf4 Rxc2 37. Rxc2 Bxa1 38. Qxf5 Rxc2 39. Rxe4 Qd8 40. Rg4+ Kh8
41. Qxc2 Bf6 42. Qf5 Nb8 43. Nh4 Bg7 44. Qf7 Qf6 45. Qe8+ Qf8 46. Re4 Na6 47.
Qh5 Be5+ 48. Kg1 Qc8 49. Ng6+ Kg7 50. Nxe5 dxe5 51. Qxe5+ Kg8 52. Qg5+ Kh8 53.
Qf6+ Kg8 54. Re5 Qc1+ 55. Kh2 Qc7 56. d6 Qxd6 {Hossa resigns} 1-0

[Event "ICS rated standard match"]
[Site "204.178.125.65"]
[Date "2001.07.23"]
[Round "?"]
[White "ChesterX"]
[Black "Hossa"]
[Result "1-0"]
[WhiteElo "2588"]
[BlackElo "2350"]
[PlyCount "128"]
[EventDate "2001.??.??"]

1. b3 e5 2. Bb2 Nc6 3. e3 d6 4. c4 Bf5 5. Nc3 Be7 6. Be2 Nf6 7. d3 O-O 8. e4
Be6 9. Nf3 Nd7 10. O-O f5 11. d4 exd4 12. Nxd4 Nxd4 13. Qxd4 Bf6 14. Qe3 fxe4
15. Qxe4 Nc5 16. Qe3 Qd7 17. b4 Na6 18. a3 c5 19. b5 Nc7 20. Qd2 d5 21. cxd5
Nxd5 22. Bc4 Bxc3 23. Bxc3 Rf5 24. Rad1 Rd8 25. Rfe1 Bf7 26. Be2 Rf4 27. Bf3
Rxf3 28. gxf3 Qf5 29. Re5 Qxf3 30. Rg5 g6 31. Rg3 Qh5 32. Re1 b6 33. Ba1 Rd6
34. f3 Re6 35. Rxe6 Bxe6 36. Qb2 Qh6 37. Qh8+ Kf7 38. Kh1 Ke7 39. Be5 Bf7 40.
f4 Qh5 41. h3 Qd1+ 42. Kh2 Qe2+ 43. Rg2 Qxb5 44. Rd2 Qe8 45. Qxh7 Ke6 46. Rd1
c4 47. Rc1 b5 48. Qh4 a5 49. Qe1 Qa8 50. a4 bxa4 51. Rxc4 Be8 52. Ba1+ Kd7 53.
Rxa4 Qb8 54. Qxa5 Qb7 55. Qe1 Kd8 56. Qh4+ Ne7 57. Ra2 Qe4 58. Bf6 Bc6 59.
Bxe7+ Ke8 60. Qh8+ Kxe7 61. Ra7+ Ke6 62. Qg8+ Kd6 63. Qf8+ Kd5 64. Ra5+ Kc4 {
Hossa resigns} 1-0

[Event "ICS rated blitz match"]
[Site "204.178.125.65"]
[Date "2001.07.23"]
[Round "?"]
[White "Hossa"]
[Black "K-Mohsen"]
[Result "1-0"]
[WhiteElo "2603"]
[BlackElo "2178"]
[PlyCount "50"]
[EventDate "2001.??.??"]

1. e4 e5 2. Nf3 Nc6 3. d4 exd4 4. Nxd4 Qf6 5. Nb5 Bb4+ 6. Bd2 Bc5 7. f4 Qxb2 8.
N1c3 Nd4 9. Rb1 Nxc2+ 10. Ke2 Nd4+ 11. Kd3 Qc2+ 12. Qxc2 Nxc2 13. Nxc7+ Kd8 14.
Nxa8 Nb4+ 15. Kc4 b6 16. Rxb4 Bxb4 17. Kxb4 Bb7 18. Nxb6 axb6 19. Be3 Nf6 20.
e5 Nd5+ 21. Nxd5 Bxd5 22. Bxb6+ Ke7 23. Bc4 Bxg2 24. Bc5+ Kd8 25. Rg1 Be4 {
K-Mohsen resigns} 1-0